| 000 | 00663nam a2200229 u 4500 | ||
|---|---|---|---|
| 005 | 20240228063628.0 | ||
| 008 | 080521s2007 es r 000 0 spa d | ||
| 020 | _a9788467517217 | ||
| 035 | _aUPN01000156129 | ||
| 049 | _aI | ||
| 050 | 4 |
_aPZ74.9 _bM6.51 |
|
| 100 | 1 |
_aMoure, Gonzalo, _d1951- _933037 |
|
| 245 | 1 | 3 |
_aEl movimiento continuo / _cGonzalo Moure. |
| 260 |
_aMadrid : _bSM, _cc2007. |
||
| 300 |
_a105 p. : _bil. |
||
| 440 | 3 |
_aEl barco de vapor ; _v191 |
|
| 500 | _a"A partir de 9 años" | ||
| 650 | 4 |
_aLiteratura infantil española _95892 |
|
| 650 | 7 |
_aAmistad entre niños _2 _94319 |
|
| 905 | _aInfantil | ||
| 999 |
_c128243 _d128243 |
||